গৃহবিজ্ঞান : খাদ্য, স্বাস্থ্য ও রান্না / (Record no. 47631)
[ view plain ]
| 000 -LEADER | |
|---|---|
| fixed length control field | 00828nam a22002297a 4500 |
| 001 - CONTROL NUMBER | |
| control field | 47631 |
| 003 - CONTROL NUMBER IDENTIFIER | |
| rucl marc code | BD-RjUL |
| 005 - DATE AND TIME OF LATEST TRANSACTION | |
| control field | 20211209054345.0 |
| 008 - FIXED-LENGTH DATA ELEMENTS--GENERAL INFORMATION | |
| fixed length control field | 160809s1966 bg a|||| |||| 00| 0 ben d |
| 020 ## - INTERNATIONAL STANDARD BOOK NUMBER | |
| Terms of availability | : TK 6.50 |
| 035 ## - SYSTEM CONTROL NUMBER | |
| System control number | (BD-RjUL)47750 |
| 040 ## - CATALOGING SOURCE | |
| Original cataloging agency | BD-RjUL |
| Language of cataloging | ben |
| Transcribing agency | BD-RjUL |
| 041 ## - LANGUAGE CODE | |
| Language code of text/sound track or separate title | ben |
| 082 ## - DEWEY DECIMAL CLASSIFICATION NUMBER | |
| Edition number | 23 |
| Classification number | 641 |
| Author mark and year | HUG 1966 |
| 100 1# - MAIN ENTRY--PERSONAL NAME | |
| Personal name | হক, তৈয়বা |
| 9 (RLIN) | 144739 |
| 245 10 - TITLE STATEMENT | |
| Title | গৃহবিজ্ঞান : খাদ্য, স্বাস্থ্য ও রান্না / |
| Statement of responsibility, etc. | তৈয়বা হক |
| 260 ## - PUBLICATION, DISTRIBUTION, ETC. (IMPRINT) | |
| Place of publication, distribution, etc. | ঢাকা : |
| Name of publisher, distributor, etc. | বাংলা একাডেমী, |
| Date of publication, distribution, etc. | ১৯৬৬ |
| 300 ## - PHYSICAL DESCRIPTION | |
| Pagination | [চার], ৩৪৫ পৃ. : |
| Illustrations | চিত্রবলী ; |
| Size | ২১ সেমি. |
| 650 ## - SUBJECT ADDED ENTRY--TOPICAL TERM | |
| Topical term or geographic name as entry element | খাদ্য পানীয় |
| 9 (RLIN) | 144740 |
| Topical term or geographic name as entry element | Food & Drink |
| 9 (RLIN) | 144741 |
| 942 ## - ADDED ENTRY ELEMENTS (KOHA) | |
| Source of classification or shelving scheme | Dewey Decimal Classification |
| Koha item type | Books |
| Lost status | Source of classification or shelving scheme | Damaged status | Not for loan | Collection code | Permanent Location | Current Location | Shelving location | Date acquired | Total Checkouts | Full call number | Date last seen | Copy number | Koha item type | Source of acquisition | Cost, normal purchase price |
|---|---|---|---|---|---|---|---|---|---|---|---|---|---|---|---|
| Dewey Decimal Classification | Non-fiction | Central Library, University of Rajshahi | Central Library, University of Rajshahi | 09/08/2016 | B 641 HUG 1966 | 09/08/2016 | C-2 | Books | |||||||
| Dewey Decimal Classification | Non-fiction | Central Library, University of Rajshahi | Central Library, University of Rajshahi | 10/07/1968 | B 641 HUG 1966 | 20/08/2016 | C-3 | Books | Nawroge | 6.50 |